El encanto de lo sencillo

में बचाया:
ग्रंथसूची विवरण
मुख्य लेखक: López, Luis
अन्य लेखक: Castillo, Imelda
स्वरूप: इलेक्ट्रोनिक सॉफ्टवेयर ई-पुस्तक
भाषा:Spanish
प्रकाशित: Bogotá : IDEP, 2017.
ऑनलाइन पहुंच:Acceso a ficha de la experiencia
Haga clic para acceso a micrositio
Haga clic para acceso a micrositio
टैग : टैग जोड़ें
कोई टैग नहीं, इस रिकॉर्ड को टैग करने वाले पहले व्यक्ति बनें!

MARC

LEADER 00000nmm a22000004a 4500
003 OSt
005 20171219115937.0
006 a go d 00| 0
007 cu au aaaaa
008 171214s2017 ck go d spa d
999 |c 5642  |d 5642 
040 |b spa  |c CNA-IDEP 
090 |a Feria 2017-012 
100 1 |9 5123  |a López, Luis 
245 1 3 |a El encanto de lo sencillo   |c Luis López ; Imelda Castillo.   |h [Recurso electrónico].  
256 |a Datos electrónicos.  
260 |a Bogotá :   |b IDEP,   |c 2017.  
590 |a COLEGIO LAS AMERICAS (IED) 
700 1 |9 5122  |a Castillo, Imelda 
856 4 0 |u http://biblioteca.idep.edu.co/experiencias/012 El encanto de lo sencillo.pdf  |y Acceso a ficha de la experiencia 
856 4 0 |u http://elencantodelosencillo.blogspot.com.co/  |y Haga clic para acceso a micrositio 
856 4 0 |u http://www.educacionbogota.edu.co/es/sitios-de-interes/nuestros-sitios/agencia-de-medios/noticias-institucionales/el-encanto-de-lo-sencillo-para-transformar-la-vida-de-ninos-con-discapacidad  |y Haga clic para acceso a micrositio 
942 |2 LOC  |c ED